01211nam a2200253 i 4500001000700000003000700007005001700014008004100031080001500072100002700087245004400114250003100158260003900189300002900228490003500257500003300292504003800325505031200363650002500675830004300700852006900743999001900812952012600831186558SpMaBN20230906222708.0161125s1975 it |||| | ita d a165.72(38)1 aDal Pra, Mario.94247013aLo scetticismo greco / cMario Dal Pra. a2ª ed. riv. e aggiornata. aRoma ; aBari : bLaterza, c1975. a2 v. (580 p.) ; c18 cm.1 aUniversale Laterza ; v327-328 aÍndice onomástico (v. 2) aBibliografía: p. 549-563 (v. 2)8 aContiene: v.1 Parte prima ; tLo scetticismo primitivo: Pirrone. Timone. Parte seconda ; tLo scetticismo degli accademici: Arcesilao. Carneade. Da Clitomaco a Filone. Filone di Larissa. Antioco di Ascalona - v. 2 Parte terza ; tIl neoscetticismo: Enesidemo. Agrippa. Medicina e scetticismo. Sesto Empirico07aEscépticos.9123560 aUniversale Laterza ; v327-3289225428 aES-MaACLjL-30949-50 z. - Biblioteca Jacinto Martínez Lacalle c186558d186558 00104070aATENEOMbATENEOMcDEPO2d2016-12-16eDONl0oL-30949-50p1196840r2023-02-23 00:00:00w2023-02-23yMONOGRAFIA